000 02513cam a2200469 i 4500
999 _c535583
_d535583
001 21629775
003 NUST
005 20200917144031.0
006 m |o d |
007 cr |||||||||||
008 160415s2017 nyu ob 001 0 eng
010 _a 2020691088
020 _a9781317213833
_qepub
020 _a9781315619408
_qebook
020 _z9781138666375
_qhardback : alk. paper
020 _z9781138666382
_qpbk. : alk. paper
038 _aMSOHAIL
040 _aDLC
_beng
_erda
_cDLC
_dDLC
043 _an-us---
050 0 0 _aHT167
082 0 0 _a307.12160973
_223
_bLEY
100 1 _aLevy, John M.,
_eauthor.
_919404
245 1 0 _aContemporary urban planning /
_cJohn M. Levy.
250 _aEleventh Edition.
264 1 _aNew York :
_bRoutledge, Taylor and Francis Group
_c2017.
300 _a1 online resource
336 _atext
_btxt
_2rdacontent
337 _acomputer
_bc
_2rdamedia
338 _aonline resource
_bcr
_2rdacarrier
500 _aRevised edition of the author's Contemporary urban planning, 2013.
504 _aIncludes bibliographical references and index.
505 0 _aPreface -- Acknowledgments -- The background and development of contemporary urban planning -- An overview -- The urbanization of America -- The history of planning : part I -- The history of planning : part II -- The structure and practice of contemporary planning -- The legal basis of planning -- Planning and politics -- The social issues -- The comprehensive plan -- The tools of land-use planning -- Fields of planning -- Urban design -- Urban renewal and community development -- Transportation planning -- Economic development planning -- Growth management, smart growth, sustainable development, and planning for -- Catastrophy -- Environmental and energy planning -- Planning for metropolitan regions -- Larger questions -- National planning in the United Sstates -- Planning in other nations -- Planning theory -- Index.
588 _aDescription based on print version record.
650 0 _aCity planning
_zUnited States.
_919405
650 0 _aUrban policy
_zUnited States.
_919406
650 0 _aUrbanization
_zUnited States.
_919407
650 0 _aSociology, Urban
_zUnited States.
_919408
776 0 8 _iPrint version:
_tContemporary urban planning
_dNew York : Routledge, Taylor & Francis Group 2017.
_z9781138666375 (hardback : alk. paper)
_w(DLC) 2016018104
906 _a7
_bcbc
_corigcop
_d1
_eecip
_f20
_gy-gencatlg
942 _2ddc
_cBK